000 01041nam a2200289 a 4500
001 41141
003 BD-RjUL
005 20211209053333.0
008 160516s1971 nyu 000 0 eng
020 _a0910608105 (V-1)
020 _a0910608113 (V-2)
020 _a0910608121 (V-3)
035 _a(BD-RjUL) 41257
040 _aDLC
_cDLC
_dDLC
_d(BD-RjUL)
_beng
041 _aeng
082 0 0 _a025.431
_223
_bDED 1971
100 1 _aDewey, Melvil,
_d1851-1931.
_9126548
245 1 0 _aDewey decimal classification and relative index /
_cMelvil dewey
250 _a18th ed.
260 _aLake Placid Club, N.Y. :
_bForest Press,
_c1971
300 _av. ;
_c26 cm.
500 _aFirst published anonymously in 1876 under title: A classification and subject index. 2d-14th editions published under title: Decimal classification and relativ index.
505 0 _aVol. 1 (Introduction) --- V. 2 (Schedules) -- V. 3 (Relative Index) ---
650 0 _aClassification, Dewey decimal.
_9126549
942 _2ddc
_cBK
999 _c41141
_d41141